10 najrzadziej zgadywanych państw w quizie ,,Państwa Europy'' - Statystyki

Ogólne statystyki
  • Ten quiz został rozwiązany 18 razy
  • Średni wynik to 9 z 10
Statystyki odpowiedzi
Procent odgadnięć Państwo % Poprawnych
70 Andora
100%
70 San Marino
100%
68 Kosowo
94%
69 Liechtenstein
94%
66 Malta
94%
71 Czarnogóra
89%
67 Monako
89%
68 Macedonia Północna
83%
70 Mołdawia
83%
71 Serbia
67%
Nie znaleziono quizów pasujących do podanych kryteriów
Rozkład punktacji
Procent ludzi z każdym wynikiem
Percentyl według liczby udzielonych odpowiedzi
Twoja historia wyników
Nie rozwiązałeś tego quizu